[Event "Recife Arraes Memorial 9th"]
[White "Baltar, Petrov Ferreira"]
[Black "Arruda Junior, Jair Jose"]
[Site "Recife"]
[Round "6.22"]
[Result "1-0"]
[Date "2016.10.23"]
[WhiteElo "1755"]
[BlackElo "1562"]
[PlyCount "50"]
[EventDate "2016.10.21"]
[EventType "swiss"]
[EventRounds "6"]
[EventCountry "BRA"]
[SourceTitle "EXT 2022"]
[Source "ChessBase"]
[SourceDate "2021.10.06"]
[SourceVersion "1"]
[SourceVersionDate "2021.10.06"]
[SourceQuality "1"]

1. d4 d5 2. Bf4 Nf6 3. e3 e6 4. Bd3 c5 5. Nc3 Nc6 6. dxc5 Bxc5 7. Nf3 Nh5 8. Bg5 Nf6 9. 0-0 0-0 10. a3 a6 11. e4 Be7 12. e5 Nd7 13. Bxe7 Qxe7 14. Qe2 Nc5 15. Rad1 Nxd3 16. Qxd3 Bd7 17. Rfe1 b5 18. b4 Rac8 19. h3 Rc7 20. Qe3 Rfc8 21. Rd2 Qd8 22. Rc1 Ne7 23. Nd4 Nc6 24. Nxc6 Bxc6 25. Ne2 Bb7 1-0

[Event "Recife Arraes Memorial 9th"]
[White "De Andrade, Erastro Trajano"]
[Black "Arruda Junior, Jair Jose"]
[Site "Recife"]
[Round "4.17"]
[Result "1-0"]
[Date "2016.10.22"]
[WhiteElo "1908"]
[BlackElo "1562"]
[PlyCount "71"]
[EventDate "2016.10.21"]
[EventType "swiss"]
[EventRounds "6"]
[EventCountry "BRA"]
[SourceTitle "EXT 2022"]
[Source "ChessBase"]
[SourceDate "2021.10.06"]
[SourceVersion "1"]
[SourceVersionDate "2021.10.06"]
[SourceQuality "1"]

1. e4 c5 2. Nc3 e6 3. g3 Nc6 4. Bg2 Nf6 5. d3 Be7 6. Nge2 0-0 7. 0-0 a6 8. h3 d5 9. exd5 exd5 10. f4 h5 11. Kh2 Bf5 12. Ng1 Nd4 13. Nf3 Nxf3+ 14. Bxf3 Qd7 15. Bg2 Rad8 16. Ne2 b5 17. Ng1 c4 18. Nf3 d4 19. Re1 Rfe8 20. Bd2 cxd3 21. cxd3 Rc8 22. Ne5 Qd8 23. g4 hxg4 24. hxg4 Be6 25. g5 Nd5 26. g6 f6 27. Qh5 fxe5 28. Qh7+ Kf8 29. Rxe5 Nf6 30. Qh8+ Bg8 31. Rae1 Ng4+ 32. Kg1 Nxe5 33. fxe5 Bf6 34. Bb4+ Re7 35. exf6 gxf6 36. Qxf6+ 1-0

[Event "Recife Arraes Memorial 9th"]
[White "Arruda Junior, Jair Jose"]
[Black "Alves Campelo, Danilo Cesar De"]
[Site "Recife"]
[Round "1.14"]
[Result "0-1"]
[Date "2016.10.21"]
[WhiteElo "1562"]
[BlackElo "1992"]
[PlyCount "56"]
[EventDate "2016.10.21"]
[EventType "swiss"]
[EventRounds "6"]
[EventCountry "BRA"]
[SourceTitle "EXT 2022"]
[Source "ChessBase"]
[SourceDate "2021.10.06"]
[SourceVersion "1"]
[SourceVersionDate "2021.10.06"]
[SourceQuality "1"]

1. d4 Nf6 2. c4 g6 3. Nf3 Bg7 4. g3 0-0 5. Bg2 d6 6. 0-0 Nbd7 7. Nbd2 c5 8. e3 a6 9. Qc2 Rb8 10. e4 cxd4 11. Nxd4 Nc5 12. Re1 b5 13. Nc6 Qc7 14. Nxb8 Qxb8 15. cxb5 Qxb5 16. e5 Ng4 17. exd6 exd6 18. Nc4 Bf5 19. Be4 Nxe4 20. Rxe4 Qc6 21. Ne3 Qxc2 22. Nxc2 Bxe4 23. Ne1 Ne5 24. Bf4 Nf3+ 25. Nxf3 Bxf3 26. Bxd6 Rd8 27. Ba3 Rd2 28. b3 Bxa1 0-1

[Event "Natal-ch"]
[White "De Macedo, Luiz Soares"]
[Black "Arruda Junior, Jair Jose"]
[Site "Natal"]
[Round "5"]
[Result "0-1"]
[Date "2016.02.08"]
[WhiteElo "1561"]
[BlackElo "1567"]
[PlyCount "32"]
[EventDate "2016.02.06"]
[EventType "swiss"]
[EventRounds "6"]
[EventCountry "BRA"]
[SourceTitle "CBM 171 Extra"]
[Source "ChessBase"]
[SourceDate "2016.04.26"]
[SourceVersion "1"]
[SourceVersionDate "2016.04.26"]
[SourceQuality "1"]

1. e4 c5 2. Nf3 e6 3. Bc4 a6 4. Be2 Nc6 5. c3 d5 6. e5 Nge7 7. d4 Nf5 8. Be3 Qb6 9. b3 cxd4 10. cxd4 Bb4+ 11. Bd2 Nfxd4 12. Nxd4 Qxd4 13. Bc3 Bxc3+ 14. Nxc3 Qxc3+ 15. Kf1 0-0 16. f4 Nd4 0-1

[Event "Potiguar-ch sf"]
[White "Arruda Junior, Jair Jose"]
[Black "Batista, Francisco Klemberg"]
[Site "Natal"]
[Round "4.13"]
[Result "1-0"]
[Date "2015.09.06"]
[WhiteElo "1495"]
[BlackElo "1803"]
[PlyCount "85"]
[EventDate "2015.09.04"]
[EventType "swiss"]
[EventRounds "7"]
[EventCountry "BRA"]
[SourceTitle "EXT 2022"]
[Source "ChessBase"]
[SourceDate "2021.10.06"]
[SourceVersion "1"]
[SourceVersionDate "2021.10.06"]
[SourceQuality "1"]

1. d4 Nf6 2. c4 c5 3. Nf3 cxd4 4. Nxd4 e5 5. Nb5 d5 6. cxd5 Bc5 7. d6 0-0 8. Nc7 Ne4 9. e3 Bb4+ 10. Bd2 Nxd2 11. Nxd2 Qxd6 12. Nxa8 Rd8 13. Be2 Bxd2+ 14. Kf1 Nc6 15. a3 Bf5 16. g4 Bg6 17. h4 h6 18. g5 Rxa8 19. gxh6 gxh6 20. Rg1 Kh7 21. h5 Bf5 22. Bg4 Qd3+ 23. Qe2 Qxe2+ 24. Kxe2 Bxg4+ 25. Rxg4 f5 26. Rg6 Rd8 27. Rag1 Ba5 28. Rg7+ Kh8 29. b4 Bb6 30. R1g6 f4 31. Rxb7 fxe3 32. fxe3 Rc8 33. Rxh6+ Kg8 34. Rhh7 Nd8 35. Rbg7+ Kf8 36. h6 Nf7 37. Rxf7+ Ke8 38. Rfg7 Rc2+ 39. Kd3 Rf2 40. Rh8+ Rf8 41. Rgg8 Rxg8 42. Rxg8+ Kf7 43. h7 1-0

[Event "Potiguar-ch sf"]
[White "De Santana, Jose Ricardo Gonca"]
[Black "Arruda Junior, Jair Jose"]
[Site "Natal"]
[Round "3.10"]
[Result "0-1"]
[Date "2015.09.05"]
[WhiteElo "1857"]
[BlackElo "1495"]
[PlyCount "55"]
[EventDate "2015.09.04"]
[EventType "swiss"]
[EventRounds "7"]
[EventCountry "BRA"]
[SourceTitle "EXT 2022"]
[Source "ChessBase"]
[SourceDate "2021.10.06"]
[SourceVersion "1"]
[SourceVersionDate "2021.10.06"]
[SourceQuality "1"]

1. e4 c5 2. Nf3 e6 3. Nc3 a6 4. a4 Nc6 5. Be2 d6 6. d3 Nf6 7. 0-0 Be7 8. d4 cxd4 9. Nxd4 Bd7 10. Kh1 0-0 11. f4 d5 12. e5 Ne8 13. Rf3 Rc8 14. Nb3 g6 15. Be3 Ng7 16. g4 f6 17. exf6 Bxf6 18. a5 Qe8 19. Na4 d4 20. Nb6 Rd8 21. Nc5 Rf7 22. Ncxd7 dxe3 23. Nxf6+ Rxf6 24. Qf1 Nd4 25. Rg3 Qc6+ 26. Rg2 Nxe2 27. Qxe2 Rd2 28. Qf1 0-1